Producción de hidroxiapatita a partir de huesos de ganado vacuno utilizando dos métodos de reprecipitación: la oxidación de un agente complejante y la aplicación de calor
Kaydedildi:
| Yazar: | |
|---|---|
| Materyal Türü: | Kitap |
| Baskı/Yayın Bilgisi: |
San José, Costa Rica
2008
|
| Konular: | |
| Etiketler: |
Etiketle
Etiket eklenmemiş, İlk siz ekleyin!
|
MARC
| LEADER | 00000nam a2200000Ia 4500 | ||
|---|---|---|---|
| 003 | 001103 | ||
| 005 | 20221231144100.0 | ||
| 008 | 140114s2008 cr a 000 ||s d | ||
| 040 | |c cru CEDI | ||
| 090 | |a TFG 5628 | ||
| 100 | |a Solano Argüello, Rocío |9 4400 | ||
| 245 | |a Producción de hidroxiapatita a partir de huesos de ganado vacuno utilizando dos métodos de reprecipitación: la oxidación de un agente complejante y la aplicación de calor | ||
| 260 | |c 2008 |b San José, Costa Rica | ||
| 300 | |a xv, 153 hojas; ilustraciones a color | ||
| 500 | |a Proyecto de graduación (licenciatura en ingeniería química)--Universidad de Costa Rica. Facultad de Ingeniería. Escuela de Ingeniería Química | ||
| 650 | |x HIDROXIAPATITA |x PRODUCCION |x GANADO BOVINO |x HUESOS |x OXIDACION |9 4401 | ||
| 942 | |c TFG | ||
| 999 | |c 16633 |d 16633 | ||
